Vplyv kvality potravín na zdravie súčasnej populácie

Bibliographic Details
Main Author: Rosival, Ladislav, 1924-2016 (Author)
Format: Article
Language:Slovak
Subjects:

MARC

LEADER 00000nab a2200000 a 4500
001 vtls000412399
003 SK-MaSNL
005 20260302234328.0
008 220422c1990 xo 0 slo
015 |a SNBRA19rr/mm-uuuuu 
035 |a CL0412524 
040 |a SNKBUCL  |b slo  |c SNKBUCL  |e AACR2 
041 0 |a slo 
044 |a xo  |c SK 
080 |a 613.2:637.06  |2 1981 
080 |a 637.06  |2 1981 
080 |a 641.1  |2 1981 
100 1 |a Rosival, Ladislav,  |d 1924-2016  |4 aut  |9 209712 
245 1 0 |a Vplyv kvality potravín na zdravie súčasnej populácie  |c Ladislav Rosival 
650 0 7 |a výživa obyvateľstva  |2 snkbucl  |9 24061 
650 0 7 |a potraviny  |2 snkbucl  |9 1614 
655 7 |a články zo zborníkov  |2 snkbucl  |9 166140 
773 0 |t Biologizácia rastlinnej výroby  |d Nitra : Dom techniky ZSVTS, 1990 
850 |a Slovenská národná knižnica v Martine  |a MTA001 
852 |a SNK  |b KIS3GCP 
958 |a RK 
958 |a ME 
992 |a RZB 
999 |c 1550139  |d 1552069